000 00973nam a2200325Ia 4500
001 13154
003 IT-RoPAU
008 130308s9999 xx 000 0 und d
040 _aIT-RoPAU
040 _cIT-RoPAU
041 _aFRANCESE
100 _aMarathey Ram
100 _gCodice Aut. SPICS: 4216
245 _aFormation de specialistes de la radiodiffusion rurale en Afrique (La)
245 _bRadiodiffusion Au Service Du developpement rural (La)
250 _a1a ed.
260 _aPARIS
260 _bUnesco
260 _c1966 [1° Ed.:1966 - Ed.Ling.Originale:1966]
300 _a"11 p. (prefazione: no ; testo: 11 [pagine: 41-51])"
500 _aFormazione di Specialisti della Radiodiffusione rurale in Africa programmi Educativi
650 _aSAGGI DI RADIOFONIA
650 _eCodice materia Spics: 6911
700 _aBourgeois Michel
700 _gCodice Aut. SPICS: 8903
942 _cBK
957 _71
999 _c56903
_d56903
999 _bSI
999 _g1